Statistics for UN Security Council Non Permanent Members by decade 1990's

Click here to take the quiz!

General Stats

  • This quiz has been taken 41 times
  • The average score is 38 of 55

Answer Stats

TermMember Nation% Correct
1994-1995Argentina
94%
1999-2000Argentina
94%
1996-1997Egypt
94%
1998-1999Brazil
91%
1993-1994Brazil
91%
1989-1990Canada
88%
1999-2000Canada
88%
1996-1997Chile
88%
1995-1996Germany
88%
1991-1992India
88%
1995-1996Italy
88%
1992-1993Japan
88%
1997-1998Japan
88%
1996-1997South Korea
88%
1993-1994Spain
88%
1997-1998Sweden
88%
1991-1992Austria
85%
1989-1990Colombia
85%
1994-1995Czech Republic
85%
1995-1996Indonesia
85%
1993-1994Pakistan
85%
1996-1997Poland
85%
1991-1992Belgium
82%
1990-1991Democratic Republic of Congo
82%
1989-1990Finland
82%
1997-1998Kenya
79%
1999-2000Netherlands
76%
1993-1994New Zealand
76%
1994-1995Nigeria
76%
1990-1991Romania
76%
1992-1993Venezuela
76%
1989-1990Ethiopia
73%
1992-1993Hungary
73%
1997-1998Portugal
73%
1998-1999Slovenia
73%
1990-1991Cuba
70%
1999-2000Malaysia
67%
1989-1990Malaysia
67%
1992-1993Morocco
67%
1991-1992Ecuador
61%
1997-1998Costa Rica
55%
1995-1996Honduras
55%
1994-1995Oman
52%
1994-1995Rwanda
52%
1990-1991Yemen
52%
1999-2000Namibia
48%
1991-1992Zimbabwe
45%
1995-1996Botswana
33%
1998-1999Bahrain
27%
1990-1991Côte D'ivoire
27%
1996-1997Guinea-Bissau
27%
1998-1999Gabon
24%
1992-1993Cape Verde
21%
1998-1999Gambia
18%
1993-1994Djibouti
15%

Score Distribution

Percentile by Number Answered

Percent of People with Each Score

Your Score History

You have not taken this quiz